| 000 | 00886nam a22002057a 4500 | ||
|---|---|---|---|
| 999 |
_c12531 _d12531 |
||
| 003 | AR-CdUCM | ||
| 008 | 190409b ||||| |||| 00| 0 spa d | ||
| 040 |
_aMUNICIPALIDAD PROVINCIAL DEL CUSCO _cBIBLIOTECA MUNICIPAL DEL CUSCO |
||
| 082 |
_a985.009 / _bM42 / 1885 |
||
| 100 |
_aMendiburo, Manuel de _930407 |
||
| 245 | _aDiccionario histórico-biográfico del Perú / | ||
| 260 |
_aLima : _bBolognesi, _c1885. |
||
| 300 |
_a4 tomos ; _c21 cm |
||
| 505 | _aContenido:t.5: que corresponde a la época de la dominación española -- t.6: de la dominación española -- t.7: corresponde a la época de la dominación española -- t.8: corresponde a la época de la dominación española. | ||
| 650 |
_aDiccionario. _95196 |
||
| 650 |
_aDiccionario histórico del Perú _930408 |
||
| 650 |
_aDiccionario biográfico del Perú. _930409 |
||
| 942 |
_2ddc _cLIBROS |
||
| 945 |
_awfj _d2019-04-09 |
||